01854na a2200433 450000100060000000300080000600500170001400800410003103500100007204000250008204100080010708200280011509000190014310000520016224000360021424500950025024600400034526000220038530000410040744000740044850000560052260000760057860001000065461000520075461000470080661000560085361000880090965100430099765700420104065700320108265700300111465700470114474000400119183000370123183000230126894200130129195201010130499900150140519701MIRAKIL20181213155133.0161226b tu 000 0  a19701 aMilasbturcTR-AnCHP atur aCHP 324.2372bK44y 2015 aBROŞÜR 152 aKılıçdaroğlu, KemalcCHP Genel Başkanı aYaşanacak bir Türkiyef2015 aYaşanacak bir TürkiyebKonut sorunlarını sıfırlıyoruzc[Kemal Kılıçdaroğlu] aKonut sorunlarını sıfırlıyoruz aAnkarabCHPc2015 aktl. broşürbrnkl. fotg.c20 sm. aCumhuriyet Halk Partisi yayınlarıpYaşanacak bir Türkiye dizisi aBaşka yapıt adı: Gelin oy verin sıfırlayalım aKılıçdaroğlu, KemalxPropaganda ve ideolojileryKonut politikası aKılıçdaroğlu, KemalcCHP Genel BaşkanıxSeçim kampanyaları, 2015yKonut politikası aToplu Konut İdaresi Başkanlığı (TOKİ) aCHPxKonut sorunuyÇözüm önerileri aCHPxSeçim kampanyaları, 2015yKonut politikası aCHPxPropaganda ve ideolojileryKılıçdaroğlu dönemiyGenel seçimler, 2015 aTürkiyexSiyaset ve yönetimy2015- aYaşanacak bir Türkiye kampanyası aCHP seçim propagandaları aCHP seçim kampanyaları aGelin oy verin sıfırlayalım kampanyası aKonut sorunlarını sıfırlıyoruz aYaşanacak bir Türkiye dizisi aCHP broşürleri 2ddccBKS a0001b0001d2016-12-26e2l0oBROŞÜR 152p011243r2016-12-26 00:00:00v0.00w2016-12-26yBKS c7259d7259